| 000 | 00586nam a2200205Ia 4500 | ||
|---|---|---|---|
| 003 | OSt | ||
| 005 | 20260425112004.0 | ||
| 008 | 210210b1987 xxu||||| |||| 00| 0 eng d | ||
| 040 | _cAL | ||
| 041 | _aKannada | ||
| 082 | _a615.535K GOPS | ||
| 100 |
_aGOPALAKRASHNA (B S). _dಗೋಪಾಲಕೃಷ್ಣ (ಬಿ ಎಸ್) _9262731 |
||
| 245 |
_aSarala chikitse. _bಸರಳ ಚಿಕಿತ್ಸೆ |
||
| 260 |
_aMadikeri _bShakti Prakashana _c1987 |
||
| 300 | _a212 | ||
| 650 |
_aSarala chikitse _9262732 |
||
| 690 |
_aPharmacology _9262733 |
||
| 906 | _a041188 | ||
| 942 |
_2ddc _cBK |
||
| 999 |
_c91344 _d91344 |
||